[Event "Ð§ÐµÐ¼Ð¿Ð¸Ð¾Ð½Ð°Ñ‚ ÐŸÐ¤Ðž Ð¿Ð¾ ÑˆÐ°Ñ…Ð¼Ð"]
[Site "Ð�Ð°Ð±ÐµÑ€ÐµÐ¶Ð½Ñ‹Ðµ Ð§ÐµÐ»Ð½Ñ"]
[Date "2024.03.23"]
[Round "4.19"]
[White "Ð—Ð°ÐºÐ¸Ñ€Ð¾Ð², Ð ÑƒÑ�Ð»Ð°Ð½."]
[Black "Ð‘ÐµÑ�Ð¿Ð°Ð»Ð¾Ð², Ð•Ð»Ð¸Ñ�ÐµÐ¹."]
[Result "1-0"]
[WhiteElo "1826"]
[BlackElo "2004"]
[PlyCount "51"]
[EventDate "2024.03.20"]

1. c4 Nf6 2. Nc3 c5 3. Nf3 b6 4. d4 cxd4 5. Nxd4 Bb7 6. f3 d6 7. e4 e6 8. Be2
Be7 9. O-O O-O 10. Be3 a6 11. Qd2 Nbd7 12. Rfd1 Rc8 13. Rac1 Qc7 14. g4 h6 15.
g5 hxg5 16. Bxg5 Qb8 17. Kh1 Rfe8 18. Rg1 Bf8 19. Rg2 Nh7 20. Rcg1 Ne5 21. h4
Rc7 22. h5 Kh8 23. Bh6 f6 24. f4 Nc6 25. Nf3 Ree7 26. Nh4 1-0

[Event "Ð§ÐµÐ¼Ð¿Ð¸Ð¾Ð½Ð°Ñ‚ ÐŸÐ¤Ðž Ð¿Ð¾ ÑˆÐ°Ñ…Ð¼Ð"]
[Site "Ð�Ð°Ð±ÐµÑ€ÐµÐ¶Ð½Ñ‹Ðµ Ð§ÐµÐ»Ð½Ñ"]
[Date "2024.03.23"]
[Round "4.11"]
[White "Ð“Ð°Ð»Ð¸Ñ†ÐºÐ¸Ð¹, Ð¤ÐµÐ´Ð¾Ñ€."]
[Black "Ð“Ð¾Ð»ÑŒÑ†ÐµÐ², Ð”Ð¼Ð¸Ñ‚Ñ€Ð¸Ð¹."]
[Result "1-0"]
[WhiteElo "1941"]
[BlackElo "2215"]
[PlyCount "50"]
[EventDate "2024.03.20"]

1. c4 e5 2. Nc3 Bb4 3. Nd5 Bc5 4. Nf3 e4 5. d4 Bf8 6. Bf4 exf3 7. Qa4 Na6 8.
exf3 Nf6 9. Kd2 Nxd5 10. cxd5 Bb4+ 11. Kd1 Bd6 12. Bxd6 cxd6 13. Bxa6 bxa6 14.
Re1+ Kf8 15. Qa3 Qf6 16. Qe3 Bb7 17. Rc1 Bxd5 18. Rc7 g5 19. Rxd7 Kg7 20. f4
gxf4 21. Qe7 Qxd4+ 22. Kc1 Rhe8 23. Qg5+ Kh8 24. Rxe8+ Rxe8 25. Rd8 Qc5+ 1-0